Catálogo

EL JOVEN, EL GRUPO Y LA PASTORAL JUVENIL (Registro nro. 17906)

Detalles MARC
000 -LEADER
fixed length control field 00479nam a2200169 a 4500
001 - CONTROL NUMBER
control field 17906
005 - DATE AND TIME OF LATEST TRANSACTION
control field 20180713211115.0
008 - FIXED-LENGTH DATA ELEMENTS--GENERAL INFORMATION
fixed length control field 140415s1989 000 0 spa d
041 ## - LANGUAGE CODE
Language code of text/sound track or separate title spa
082 ## - DEWEY DECIMAL CLASSIFICATION NUMBER
Classification number 306.6083
Item number JUV
100 1# - MAIN ENTRY--PERSONAL NAME
Personal name JUVENTUD PARA LA CIVILIZACION DEL AMOR
245 13 - TITLE STATEMENT
Title EL JOVEN, EL GRUPO Y LA PASTORAL JUVENIL
250 ## - EDITION STATEMENT
Edition statement 2a ed.
260 ## - PUBLICATION, DISTRIBUTION, ETC.
Place of publication, distribution, etc. [s.l.] :
Name of publisher, distributor, etc. CASA DE LA JUVENTUD,
Date of publication, distribution, etc. 1989
300 ## - PHYSICAL DESCRIPTION
Extent 91
650 14 - SUBJECT ADDED ENTRY--TOPICAL TERM
Topical term or geographic name entry element SOCIOLOGIA CRISTIANA
General subdivision JOVENES
Existencias
Withdrawn status Lost status Source of classification or shelving scheme Damaged status Not for loan Collection code Home library Current library Shelving location Date acquired Source of acquisition Inventory number Total Checkouts Full call number Barcode Date last seen Price effective from Koha item type
    Dewey Decimal Classification     General Biblioteca Karol Wojtyla Biblioteca Karol Wojtyla Sala general 03/12/2013 Compra 151000000000000000053230   306.6083 JUV 36251 05/01/2026 03/12/2013 Libro